UBT Library

ELEMENTARY DIFFERENTAL GEOMETRY (Record no. 58706)

000 -LEADER
fixed length control field 00319nam a22001457a 4500
008 - FIXED-LENGTH DATA ELEMENTS--GENERAL INFORMATION
fixed length control field 221031b ||||| |||| 00| 0 eng d
020 ## - INTERNATIONAL STANDARD BOOK NUMBER
International Standard Book Number 0125267509
041 ## - LANGUAGE CODE
Language code of text/sound track or separate title eng
080 ## - UNIVERSAL DECIMAL CLASSIFICATION NUMBER
Universal Decimal Classification number 316
082 ## - DEWEY DECIMAL CLASSIFICATION NUMBER
Classification number 316
100 ## - Rafti
Rafti 24.2
101 ## - Shkurtesa
Shkurtesa GEO
245 ## - TITLE STATEMENT
Title ELEMENTARY DIFFERENTAL GEOMETRY
Statement of responsibility, etc O'NEILL B
942 ## - ADDED ENTRY ELEMENTS (KOHA)
Source of classification or shelving scheme
Item type Books
Holdings
Withdrawn status Lost status Source of classification or shelving scheme Damaged status Not for loan Collection code Permanent location Current location Date acquired Total Checkouts Full call number Barcode Date last seen Price effective from Koha item type
          Koleksioni i përgjithshem UBT - Lipjan UBT - Lipjan 10/31/2022   316 NIL 002-800028700260392 10/31/2022 10/31/2022 Books
UBT Library © 2015-2024. All rights reserved University Education for Business and Technology